| 000 | 00501nam a22001697a 4500 | ||
|---|---|---|---|
| 005 | 20240925073942.0 | ||
| 008 | 240925b |||||||| |||| 00| 0 eng d | ||
| 020 | _a0409004332 | ||
| 041 | _aEnglish | ||
| 082 | _a349 JOU | ||
| 100 | _lEnglish | ||
| 245 |
_aThe Law of South Africa / _cedited by JA Faris |
||
| 260 |
_aDurban: _bButterworth Publishers (Pty) Ltd, _c1995 |
||
| 300 |
_bxxiii, 678 pages; _c26 cm. |
||
| 650 |
_aLegal practice _bLaw |
||
| 942 |
_cBK _6ALISON_BN_VRIES |
||
| 999 |
_c3124 _d3124 |
||